| 000 | 01560nam a2200385Ia 4500 | ||
|---|---|---|---|
| 001 | ebr10558470 | ||
| 003 | CaPaEBR | ||
| 006 | m u | ||
| 007 | cr cn||||||||| | ||
| 008 | 110510s2011 wauab sb s001 0 eng d | ||
| 010 | _z 2011017770 | ||
| 020 | _z0295991526 | ||
| 020 | _z9780295804507 | ||
| 020 | _z9780295991528 | ||
| 040 |
_aCaPaEBR _cCaPaEBR |
||
| 035 | _a(OCoLC)797822376 | ||
| 050 | 1 | 4 |
_aPL1077 _b.W65 2011eb |
| 082 | 0 | 4 |
_a302.2/2440931 _223 |
| 245 | 0 | 0 |
_aWriting & literacy in early China _h[electronic resource] : _bstudies from the Columbia Early China Seminar / _cedited by Li Feng and David Prager Branner. |
| 246 | 3 | _aWriting and literacy in early China | |
| 260 |
_aSeattle : _bUniversity of Washington Press, _cc2011. |
||
| 300 |
_aviii, 494 p. : _bill. (some col.), maps. |
||
| 504 | _aIncludes bibliographical references and index. | ||
| 533 |
_aElectronic reproduction. _bPalo Alto, Calif. : _cebrary, _d2011. _nAvailable via World Wide Web. _nAccess may be limited to ebrary affiliated libraries. |
||
| 650 | 0 |
_aChinese language _yTo 600. |
|
| 650 | 0 |
_aChinese language _xWriting _xHistory. |
|
| 650 | 0 |
_aLiteracy _zChina _xHistory. |
|
| 650 | 0 |
_aBooks and reading _zChina _xHistory. |
|
| 655 | 7 |
_aElectronic books. _2local |
|
| 700 | 1 |
_aLi, Feng, _d1962- |
|
| 700 | 1 | _aBranner, David Prager. | |
| 710 | 2 | _aebrary, Inc. | |
| 711 | 2 | _aEarly China Seminar (Columbia University) | |
| 856 | 4 | 0 |
_uhttp://site.ebrary.com/lib/rucke/Doc?id=10558470 _zAn electronic book accessible through the World Wide Web; click to view |
| 999 |
_c190887 _d190887 |
||